| 000 | 01483pam a2200361 i 4500 | ||
|---|---|---|---|
| 999 |
_c9460 _d9460 |
||
| 001 | 24871559 | ||
| 003 | OSt | ||
| 005 | 20210114162854.0 | ||
| 008 | 911030s1992 miua 000 0 eng | ||
| 010 | _a91040785 | ||
| 020 | _a0310573912 (pbk.) | ||
| 035 | 0 | 1 | _a91040785 |
| 040 |
_aDLC _beng _erda _cDLC _dSTU |
||
| 043 | _an-us--- | ||
| 050 | 0 | 0 |
_aHQ834 _b.S7 |
| 082 | 0 | 0 |
_a306.89 _220 |
| 100 | 1 |
_aSplinter, John P. _0http://id.loc.gov/authorities/names/n87843984 |
|
| 245 | 1 | 4 |
_aThe complete divorce recovery handbook / _cJohn P. Splinter. |
| 264 | 1 |
_aGrand Rapids, Mich. : _bZondervan, _c[1992] |
|
| 264 | 4 | _c©1992 | |
| 300 |
_a254 pages : _billustrations ; _c21 cm. |
||
| 336 |
_atext _btxt _2rdacontent |
||
| 337 |
_aunmediated _bn _2rdamedia |
||
| 338 |
_avolume _bnc _2rdacarrier |
||
| 490 | 1 | _aLifelines for recovery series | |
| 500 | _a"A revised edition of Second Chapter." | ||
| 650 | 0 |
_aDivorce _zUnited States _xPsychological aspects. _0http://id.loc.gov/authorities/subjects/sh2009123613 |
|
| 650 | 0 |
_aDivorced people _0http://id.loc.gov/authorities/subjects/sh85038648 _zUnited States _0http://id.loc.gov/authorities/names/n78095330 _xPsychology. _0http://id.loc.gov/authorities/subjects/sh2002011487 |
|
| 650 | 0 |
_aDivorce _xReligious aspects _xChristianity. _0http://id.loc.gov/authorities/subjects/sh2008102329 |
|
| 700 | 1 |
_aSplinter, John P. _tSecond Chapter. |
|
| 830 | 0 |
_aLifelines for recovery. _0http://id.loc.gov/authorities/names/n90664151 |
|
| 942 |
_2ddc _cBK |
||